Các nghiên cứu chuyên khảo về phần chung luật hình sự

Đã lưu trong:
書目詳細資料
主要作者: Lê Cảm
格式: 圖書
語言:Undetermined
出版: Hà Nội CAND 2002
主題:
標簽: 添加標簽
沒有標簽, 成為第一個標記此記錄!
Thư viện lưu trữ: Trung tâm Học liệu Trường Đại học Cần Thơ
LEADER 00548nam a2200193Ia 4500
001 CTU_49919
008 210402s9999 xx 000 0 und d
020 |b 12.500đ 
082 |a 364 
082 |b C104/T1 
100 |a Lê Cảm 
245 0 |a Các nghiên cứu chuyên khảo về phần chung luật hình sự 
245 0 |c Lê Cảm 
260 |a Hà Nội 
260 |b CAND 
260 |c 2002 
650 |a criminal law,criminology 
904 |i Minh, 001124 
980 |a Trung tâm Học liệu Trường Đại học Cần Thơ